Premios Nobel de Literatura 1901-1994 : breves biografías /

Guardat en:
Dades bibliogràfiques
Autor principal: Quezada, Jaime (autor)
Format: Llibre
Idioma:espanyol
Publicat: Santiago, Chile : Editorial Universitaria, 1993, c1993
Col·lecció:(Apoyo Escolar)
Matèries:
Etiquetes: Afegir etiqueta
Sense etiquetes, Sigues el primer a etiquetar aquest registre!

MARC

LEADER 00000nam^a2200000^a^4500
001 000100146
005 20250521000000.0
009 20260310093153.122
020 |a 956-11-1005-9 
037 |a Acervo ITESO - Biblioteca 
041 |a ESP 
082 |a 809.  |b QUE 
100 |a Quezada, Jaime  |e (autor) 
245 1 0 |a Premios Nobel de Literatura 1901-1994 :  |b breves biografías /  |c J. Quezada. 
264 4 |a Santiago, Chile :  |b Editorial Universitaria,  |c 1993, c1993 
300 |a 143 p. 
336 |a texto  |b txt  |2 rdacontenido 
337 |a sin mediación  |b n  |2 rdamedio 
338 |a volumen  |b nc  |2 rdasoporte 
440 1 |a (Apoyo Escolar) 
649 |a XX 
650 |a Escritores -  |x Biografías 
650 |a Escritores -  |x Premios 
650 |a Premios Nobel 
650 |a Literatura -  |x Premios 
650 |a Literatura -  |y Siglo XX 
910 |a Fondo General 
920 |a Impresos - Libros 
930 |a Colección General 
940 |a Literatura 
905 |a 101 
901 |a 0500035817  |b IT1  |c LIT  |u 20250521 
902 |a https://opac.biblio.iteso.mx/vufind/Record/000100146